[Event "BI-2013-P-00021"]
[Site "LSS email"]
[Date "2013.04.22"]
[Round "?"]
[White "Dzulynski, Marek"]
[Black "Osipov, Anatoly Vladimirovi"]
[Result "0-1"]
[WhiteElo "1394"]
[BlackElo "2143"]
[PlyCount "40"]
[EventDate "2013.04.25"]
[EventType "tourn (corr)"]
[EventRounds "10"]
[EventCountry "GER"]
[SourceTitle "Telechess CBM 167"]
[Source "ChessBase"]
[SourceDate "2015.07.13"]
[SourceVersion "1"]
[SourceVersionDate "2015.07.13"]
[SourceQuality "1"]

1. d4 Nf6 2. Nf3 e6 3. c4 b6 4. Nc3 Bb7 5. Bg5 h6 6. Bh4 g5 7. Bg3 Nh5 8. e3 Nxg3 9. hxg3 Bg7 10. Qc2 g4 11. Nh2 Qg5 12. 0-0-0 h5 13. d5 Na6 14. dxe6 dxe6 15. Qa4+ Kf8 16. Nb5 Nc5 17. Qc2 Be4 18. Qd2 Bh7 19. f4 Qg6 20. Na3 Qf6 0-1

[Event "BI-2013-P-00021"]
[Site "LSS email"]
[Date "2013.04.22"]
[Round "?"]
[White "Dzulynski, Marek"]
[Black "Pilipchuk, Andrey Vadimovich"]
[Result "0-1"]
[WhiteElo "1394"]
[BlackElo "1963"]
[PlyCount "64"]
[EventDate "2013.04.25"]
[EventType "tourn (corr)"]
[EventRounds "10"]
[EventCountry "GER"]
[SourceTitle "Telechess CBM 167"]
[Source "ChessBase"]
[SourceDate "2015.07.13"]
[SourceVersion "1"]
[SourceVersionDate "2015.07.13"]
[SourceQuality "1"]

1. d4 Nf6 2. c4 e6 3. g3 d5 4. Nf3 dxc4 5. Bg2 a6 6. 0-0 Nc6 7. e3 Bd7 8. Qe2 b5 9. Rd1 Be7 10. b3 cxb3 11. axb3 0-0 12. Bb2 Nb4 13. Ne5 c6 14. Nc3 a5 15. h3 Nfd5 16. Ne4 f6 17. Nxd7 Qxd7 18. Nc5 Bxc5 19. dxc5 Qe7 20. e4 Nc7 21. e5 f5 22. Rd6 f4 23. Ba3 Nbd5 24. Rxc6 a4 25. b4 Rf7 26. g4 f3 27. Bxf3 Nf4 28. Qf1 Raf8 29. Bg2 Ncd5 30. Bxd5 Nxd5 31. Bb2 Qh4 32. Bd4 Rf3 0-1

[Event "BI-2013-P-00021"]
[Site "LSS email"]
[Date "2013.04.22"]
[Round "?"]
[White "Dzulynski, Marek"]
[Black "Vasilyev, Eugene"]
[Result "0-1"]
[WhiteElo "1394"]
[BlackElo "1982"]
[PlyCount "40"]
[EventDate "2013.04.25"]
[EventType "tourn (corr)"]
[EventRounds "10"]
[EventCountry "GER"]
[SourceTitle "Telechess CBM 167"]
[Source "ChessBase"]
[SourceDate "2015.07.13"]
[SourceVersion "1"]
[SourceVersionDate "2015.07.13"]
[SourceQuality "1"]

1. d4 d5 2. c4 c6 3. Nf3 Nf6 4. Nc3 e6 5. e3 Nbd7 6. Qc2 Bd6 7. Bd3 0-0 8. 0-0 dxc4 9. Bxc4 b5 10. Be2 a6 11. e4 e5 12. Bg5 h6 13. Bh4 exd4 14. Nxd4 Qc7 15. Bg3 Bxg3 16. fxg3 Qb6 17. Qd2 Rd8 18. Rad1 Ne5 19. Qe3 Nfg4 20. Qd2 Ra7 0-1

[Event "BI-2013-P-00021"]
[Site "LSS email"]
[Date "2013.04.22"]
[Round "?"]
[White "Lonyuk, Bohdan"]
[Black "Dzulynski, Marek"]
[Result "0-1"]
[WhiteElo "1151"]
[BlackElo "1394"]
[PlyCount "106"]
[EventDate "2013.04.25"]
[EventType "tourn (corr)"]
[EventRounds "10"]
[EventCountry "GER"]
[SourceTitle "Telechess CBM 167"]
[Source "ChessBase"]
[SourceDate "2015.07.13"]
[SourceVersion "1"]
[SourceVersionDate "2015.07.13"]
[SourceQuality "1"]

1. e4 c5 2. Nf3 d6 3. d4 cxd4 4. Nxd4 Nf6 5. Nc3 a6 6. Be3 e5 7. Nf3 Be7 8. Bc4 0-0 9. 0-0 Nc6 10. h3 b5 11. Bb3 Bb7 12. Bg5 b4 13. Bxf6 bxc3 14. Bxe7 Nxe7 15. Qd3 cxb2 16. Rab1 Ng6 17. Rxb2 Nf4 18. Qe3 Qf6 19. Kh2 Bc6 20. Rbb1 Bd7 21. Rfd1 Rfc8 22. Qd2 Nxh3 23. Qxd6 Qf4+ 24. g3 Qxf3 25. Qxd7 Nxf2 26. Rf1 Rf8 27. Qf5 Qxf5 28. exf5 Ne4 29. Rbd1 Nf6 30. Rfe1 e4 31. Rd6 Rfe8 32. Ba4 Re5 33. Bc6 Rc8 34. Ba4 a5 35. Rc6 Rd8 36. Re2 Rxf5 37. Rb6 Ng4+ 38. Kg2 h5 39. Rb5 Rxb5 40. Bxb5 e3 41. Kf3 Rd1 42. c4 Kf8 43. c5 Ke7 44. Ba4 Rd5 45. c6 Kd6 46. c7 Kxc7 47. Bb3 Rd7 48. Kf4 a4 49. Rc2+ Kd8 50. Bc4 Rd4+ 51. Kg5 f6+ 52. Kxh5 g6+ 53. Kxg6 Rxc4 0-1

[Event "BI-2013-P-00021"]
[Site "LSS email"]
[Date "2013.04.22"]
[Round "?"]
[White "Martindale, Roger"]
[Black "Dzulynski, Marek"]
[Result "0-1"]
[WhiteElo "587"]
[BlackElo "1394"]
[PlyCount "62"]
[EventDate "2013.04.25"]
[EventType "tourn (corr)"]
[EventRounds "10"]
[EventCountry "GER"]
[SourceTitle "Telechess CBM 167"]
[Source "ChessBase"]
[SourceDate "2015.07.13"]
[SourceVersion "1"]
[SourceVersionDate "2015.07.13"]
[SourceQuality "1"]

1. e4 Nc6 2. Nc3 e5 3. a3 Nf6 4. Nf3 g6 5. h3 Bg7 6. Be2 d5 7. Bb5 Nxe4 8. Bxc6+ bxc6 9. 0-0 0-0 10. d3 Nxc3 11. bxc3 e4 12. dxe4 Bxc3 13. Rb1 Ba6 14. Bd2 Bxd2 15. Qxd2 dxe4 16. Qxd8 Rfxd8 17. Rfe1 exf3 18. gxf3 Kf8 19. f4 Rd2 20. Rbc1 Re8 21. Rxe8+ Kxe8 22. Re1+ Kd7 23. Rc1 c5 24. c3 Ra2 25. Rd1+ Kc6 26. Re1 Rxa3 27. Kg2 Rxc3 28. Re7 Bc4 29. Re8 Bd5+ 30. Kh2 Rf3 31. Kg2 Re3+ 0-1

[Event "LSS No Engine Cup 86 Preliminary 7"]
[Site "LSS email"]
[Date "2013.04.21"]
[Round "?"]
[White "Dzulynski, Marek"]
[Black "Cole, Steve"]
[Result "0-1"]
[WhiteElo "1474"]
[BlackElo "1203"]
[PlyCount "56"]
[EventDate "2013.04.22"]
[EventType "tourn (corr)"]
[EventRounds "6"]
[EventCountry "GER"]
[SourceTitle "Telechess CBM 161"]
[Source "ChessBase"]
[SourceDate "2014.07.16"]
[SourceVersion "1"]
[SourceVersionDate "2014.07.16"]
[SourceQuality "1"]

1. d4 Nf6 2. Nf3 g6 3. Bf4 Bg7 4. e3 0-0 5. h3 d6 6. c3 c5 7. Be2 b6 8. a4 Nbd7 9. 0-0 Bb7 10. Na3 Rc8 11. a5 cxd4 12. exd4 bxa5 13. Nc4 Bxf3 14. gxf3 Nb6 15. Nxa5 Qd7 16. Nb3 Nbd5 17. Bg5 Nh5 18. h4 h6 19. Bc1 Qh3 20. Re1 Ndf4 21. Bf1 Qxh4 22. Rxa7 e5 23. Qd2 Nh3+ 24. Bxh3 Qxh3 25. Qd3 Rfe8 26. Qd1 exd4 27. Rxe8+ Rxe8 28. cxd4 Ng3 0-1

[Event "LSS No Engine Cup 86 Preliminary 7"]
[Site "LSS email"]
[Date "2013.04.21"]
[Round "?"]
[White "Neumann, Frank"]
[Black "Dzulynski, Marek"]
[Result "0-1"]
[WhiteElo "571"]
[BlackElo "1474"]
[PlyCount "84"]
[EventDate "2013.04.22"]
[EventType "tourn (corr)"]
[EventRounds "6"]
[EventCountry "GER"]
[SourceTitle "Telechess CBM 161"]
[Source "ChessBase"]
[SourceDate "2014.07.16"]
[SourceVersion "1"]
[SourceVersionDate "2014.07.16"]
[SourceQuality "1"]

1. c4 c6 2. Nc3 d5 3. cxd5 cxd5 4. e3 Nf6 5. Nf3 Nc6 6. Be2 a6 7. 0-0 e6 8. a3 Bd6 9. b4 Qc7 10. Bb2 0-0 11. d4 Bd7 12. b5 Na5 13. a4 Nc4 14. Bc1 axb5 15. Bxc4 dxc4 16. Bb2 b4 17. Ne2 c3 18. Bc1 Ra5 19. e4 Nxe4 20. Be3 Rfa8 21. Qd3 f5 22. d5 exd5 23. Nfd4 Nc5 24. Qc2 Bxh2+ 25. Kh1 Bd6 26. Rfb1 f4 27. Bc1 b6 28. f3 Nxa4 29. Kg1 Bc5 30. Qd3 Bb5 31. Qd1 Bxe2 32. Qxe2 Bxd4+ 33. Kf1 c2 34. Rb3 Bxa1 35. Qe6+ Qf7 36. Qxf7+ Kxf7 37. Ke2 Bc3 38. Rxb4 Bxb4 39. Kd3 Nc5+ 40. Kxc2 Ra2+ 41. Kb1 Ra1+ 42. Kb2 R8a2# 0-1

[Event "LSS No Engine Cup 86 Preliminary 7"]
[Site "LSS email"]
[Date "2013.04.21"]
[Round "?"]
[White "Poblete, Litos"]
[Black "Dzulynski, Marek"]
[Result "1-0"]
[WhiteElo "1680"]
[BlackElo "1474"]
[PlyCount "101"]
[EventDate "2013.04.22"]
[EventType "tourn (corr)"]
[EventRounds "6"]
[EventCountry "GER"]
[SourceTitle "Telechess CBM 161"]
[Source "ChessBase"]
[SourceDate "2014.07.16"]
[SourceVersion "1"]
[SourceVersionDate "2014.07.16"]
[SourceQuality "1"]

1. d4 d5 2. c4 c6 3. cxd5 cxd5 4. Nf3 Nc6 5. Nc3 Nf6 6. Bf4 Bf5 7. e3 e6 8. Be2 Bd6 9. Bxd6 Qxd6 10. 0-0 0-0 11. Rc1 Qb4 12. Na4 Ne4 13. Nh4 Qe7 14. Nxf5 exf5 15. Bb5 Rac8 16. Bxc6 Rxc6 17. Rxc6 bxc6 18. Qc2 Rc8 19. Nc3 Nd6 20. Ne2 Ne4 21. Nf4 Nd6 22. Rc1 Qb7 23. b3 a5 24. Nd3 f6 25. Qc5 Qc7 26. Nf4 Qd8 27. Qa7 Qe8 28. Qxa5 Ne4 29. Qa6 Ra8 30. Qxc6 Qxc6 31. Rxc6 Rxa2 32. h3 h5 33. Nxh5 Ra1+ 34. Kh2 Nxf2 35. Rc8+ Kf7 36. Rc7+ Kg6 37. Nf4+ Kh6 38. Nxd5 Rh1+ 39. Kg3 Ne4+ 40. Kf3 Rf1+ 41. Ke2 Rf2+ 42. Kd3 Rxg2 43. b4 Rb2 44. Rc2 Rb1 45. Kc4 g6 46. Kb5 Ra1 47. Kc6 Ra6+ 48. Nb6 Ra3 49. Nc4 Ra6+ 50. Kd5 Ra8 51. b5 1-0

[Event "LSS No Engine Cup 85 Preliminary 5"]
[Site "LSS email"]
[Date "2013.03.28"]
[Round "?"]
[White "Dzulynski, Marek"]
[Black "Kramskoi, Vasyl"]
[Result "1-0"]
[WhiteElo "1474"]
[BlackElo "889"]
[PlyCount "47"]
[EventDate "2013.03.29"]
[EventType "tourn (corr)"]
[EventRounds "6"]
[EventCountry "GER"]
[SourceTitle "Telechess CBM 161"]
[Source "ChessBase"]
[SourceDate "2014.07.16"]
[SourceVersion "1"]
[SourceVersionDate "2014.07.16"]
[SourceQuality "1"]

1. e4 c5 2. Nf3 e6 3. d4 cxd4 4. Nxd4 a6 5. Bd3 Nf6 6. 0-0 Qc7 7. Qe2 e5 8. Nf5 d6 9. f4 Nc6 10. Ng3 Bg4 11. Qf2 Rc8 12. Nc3 Nb4 13. Be2 Bxe2 14. Qxe2 d5 15. a3 Bc5+ 16. Kh1 Bd4 17. axb4 Bxc3 18. bxc3 Qxc3 19. Bd2 Qd4 20. Nf5 Qb6 21. fxe5 Nxe4 22. Nd6+ Nxd6 23. exd6+ Kd7 24. Rxf7+ 1-0

[Event "LSS No Engine Cup 84 Preliminary 4"]
[Site "LSS email"]
[Date "2013.03.16"]
[Round "?"]
[White "Dzulynski, Marek"]
[Black "Ballarin, Sandro"]
[Result "1-0"]
[WhiteElo "1459"]
[BlackElo "811"]
[PlyCount "33"]
[EventDate "2013.03.17"]
[EventType "tourn (corr)"]
[EventRounds "6"]
[EventCountry "GER"]
[SourceTitle "Corr 2015"]
[Source "ChessBase"]
[SourceDate "2015.07.17"]
[SourceVersion "1"]
[SourceVersionDate "2015.07.17"]
[SourceQuality "1"]

1. e4 e5 2. Nf3 Nc6 3. Bb5 Nf6 4. d3 Nd4 5. Nxd4 exd4 6. e5 Nd5 7. 0-0 c6 8. Bc4 Nc7 9. Nd2 b5 10. Bb3 d6 11. Nf3 Bg4 12. exd6 Bxd6 13. h3 Bh5 14. g4 Bg6 15. Nxd4 Qd7 16. Re1+ Be7 17. Qe2 1-0

[Event "LSS No Engine Cup 84 Preliminary 4"]
[Site "LSS email"]
[Date "2013.03.16"]
[Round "?"]
[White "Linart, Ludvik"]
[Black "Dzulynski, Marek"]
[Result "0-1"]
[WhiteElo "767"]
[BlackElo "1459"]
[PlyCount "90"]
[EventDate "2013.03.17"]
[EventType "tourn (corr)"]
[EventRounds "6"]
[EventCountry "GER"]
[SourceTitle "Telechess CBM 159"]
[Source "ChessBase"]
[SourceDate "2014.03.17"]
[SourceVersion "1"]
[SourceVersionDate "2014.03.17"]
[SourceQuality "1"]

1. d4 d5 2. c4 c6 3. Nf3 Nf6 4. Nc3 a6 5. e3 b5 6. cxb5 cxb5 7. Be2 Bb7 8. Ne5 Nbd7 9. Nxd7 Nxd7 10. 0-0 Nb6 11. b3 e6 12. Bb2 b4 13. Nb1 Bd6 14. a3 Qe7 15. axb4 Bxb4 16. Ba3 Bxa3 17. Rxa3 e5 18. dxe5 Qxe5 19. Nd2 0-0 20. Nf3 Qd6 21. Qa1 Nd7 22. Nd4 Rfc8 23. Bg4 Rd8 24. Nf5 Qf8 25. Rd1 Nc5 26. Bf3 g6 27. Nd4 Qd6 28. Ne2 Qc7 29. Nd4 Qe7 30. b4 Ne4 31. Qb2 h6 32. b5 axb5 33. Rxa8 Bxa8 34. Rc1 b4 35. Ne2 Ng5 36. Nd4 Nxf3+ 37. Nxf3 Rb8 38. Nd4 Qd6 39. g3 Bb7 40. Ra1 Ba6 41. Rc1 Bc4 42. Nf3 b3 43. Nd4 Ra8 44. Nxb3 Rb8 45. Rc3 Qb6 0-1